Status report on the rubber smallholdings of Tripura (Record no. 49708)

MARC details
000 -LEADER
fixed length control field 00377nam a2200145Ia 4500
100 ## - MAIN ENTRY--AUTHOR NAME
Personal name Joseph T.[a]
245 #0 - TITLE STATEMENT
Title Status report on the rubber smallholdings of Tripura
260 ## - PUBLICATION, DISTRIBUTION, ETC. (IMPRINT)
Name of publisher Rubber Board Bulletin
Year of publication 1991
300 ## - PHYSICAL DESCRIPTION
Number of Pages 16-24
650 ## - SUBJECT ADDED ENTRY--TOPICAL TERM
Topical Term Smallholdings
650 ## - SUBJECT ADDED ENTRY--TOPICAL TERM
Topical Term Tripura
700 ## - ADDED ENTRY--PERSONAL NAME
Personal name Rajasekharan P.
942 ## - ADDED ENTRY ELEMENTS (KOHA)
Koha item type Bibliography STAF
Holdings
Withdrawn status Lost status Damaged status Not for loan Home library Current library Shelving location Date acquired Serial Enumeration / chronology Koha item type
      Bibliography RRII Library RRII Library Economics 09/04/2014 Volume 26, Issue 4 Bibliography STAF